000 00868nas a2200277 i 4500
001 1215
003 ES-MaACL
005 20250718150757.0
008 950801d19871991sp w| | 1 ||pa d
022 _a0214-7785
080 _a(054)
080 _a07
245 0 3 _aEl Independiente
_b: semanario de información general.
260 _aMadrid :
_bEdiobser,
_c1987-1991.
300 _a68 v. ;
_c55 cm ; 46 cm.
310 _aDiaria
321 _aSemanal,
_b1987-89
362 0 _aVol. 1, n. 1 (20-27 jun. 1987)-año 3, n. 104 ( 9-15 jun. 1989) ; año 1, n. 1 (4 jul. 1989)-año 3, n. 844 (31oct 1991)
500 _aNueva numeración, n. 1 (jul. 1989)
650 1 4 _aPeriódicos
_915941
700 1 _aSebastián, Pablo.
_9105011
852 _aES-MaACL
_jHEM-GF-24
_dOlim: Hem-1684
866 0 _o1987-91
942 _2udc
_cPERIODICO
999 _c1215
_d1215